[Event "HUN-chT2 Szechenyi 2324"]
[Site "Hungary"]
[Date "2024.05.12"]
[Round "9.3"]
[White "Domonkos, Tamas"]
[Black "Paksa, Rudolf"]
[Result "1/2-1/2"]
[WhiteElo "1932"]
[BlackElo "1986"]
[PlyCount "21"]
[EventDate "2023.10.08"]
[EventType "team-tourn"]
[EventRounds "9"]
[EventCountry "HUN"]
[SourceTitle "EXT 2025"]
[Source "ChessBase"]
[SourceDate "2024.10.14"]
[SourceVersion "1"]
[SourceVersionDate "2024.10.14"]
[SourceQuality "1"]
[WhiteTeam "Tapolca VSE II"]
[BlackTeam "Ajka ASSE"]
[WhiteTeamCountry "HUN"]
[BlackTeamCountry "HUN"]

1. c4 e5 2. Nc3 Nf6 3. g3 d5 4. cxd5 Nxd5 5. Bg2 Nb6 6. Nf3 Nc6 7. 0-0 Be7 8. d3 Be6 9. a3 a5 10. Be3 0-0 11. Rc1 1/2-1/2

[Event "HUN-chT2 Szechenyi 2324"]
[Site "Hungary"]
[Date "2023.10.08"]
[Round "1.5"]
[White "Paksa, Rudolf"]
[Black "Gabor, Attila"]
[Result "1-0"]
[WhiteElo "1950"]
[BlackElo "1780"]
[PlyCount "89"]
[EventDate "2023.10.08"]
[EventType "team-tourn"]
[EventRounds "9"]
[EventCountry "HUN"]
[SourceTitle "EXT 2025"]
[Source "ChessBase"]
[SourceDate "2024.10.14"]
[SourceVersion "1"]
[SourceVersionDate "2024.10.14"]
[SourceQuality "1"]
[WhiteTeam "Ajka ASSE"]
[BlackTeam "Arboretum"]
[WhiteTeamCountry "HUN"]
[BlackTeamCountry "HUN"]

1. e4 e5 2. Nf3 Nc6 3. Bb5 d6 4. 0-0 Bd7 5. c3 Nf6 6. Re1 Be7 7. d4 0-0 8. h3 Nb8 9. Bc4 Nc6 10. Nbd2 a6 11. a4 Na5 12. dxe5 Nxc4 13. Nxc4 dxe5 14. Ncxe5 Be6 15. Qe2 Qe8 16. Nd4 Bd6 17. Nef3 Nd7 18. Nxe6 Qxe6 19. Nd4 Qg6 20. Nf5 Rfe8 21. Qd1 Re6 22. f4 Rae8 23. Nxd6 Rxd6 24. Qf3 f6 25. b4 c6 26. Ba3 Qf7 27. b5 Rde6 28. f5 Re5 29. Bd6 axb5 30. Bxe5 Nxe5 31. Qd1 bxa4 32. Rxa4 b5 33. Rd4 g6 34. Rd8 gxf5 35. exf5 Kg7 36. Re3 Rxd8 37. Rg3+ Kh6 38. Qxd8 c5 39. Qd2+ Kh5 40. Qe2+ Kh6 41. Qxb5 c4 42. Qb6 Qe7 43. Qe3+ Kh5 44. Rg4 Nf3+ 45. Qxf3 1-0

[Event "HUN-chT2 Szechenyi 2122"]
[Site "Hungary"]
[Date "2022.04.10"]
[Round "9.10"]
[White "Molnar, Gabor"]
[Black "Paksa, Rudolf"]
[Result "0-1"]
[WhiteElo "2008"]
[BlackElo "1988"]
[PlyCount "22"]
[EventDate "2021.10.10"]
[EventType "team-tourn"]
[EventRounds "9"]
[EventCountry "HUN"]
[SourceTitle "EXT 2025"]
[Source "ChessBase"]
[SourceDate "2024.10.14"]
[SourceVersion "1"]
[SourceVersionDate "2024.10.14"]
[SourceQuality "1"]
[WhiteTeam "Szechenyi ESE"]
[BlackTeam "Sentimento Ajka BSK"]
[WhiteTeamCountry "HUN"]
[BlackTeamCountry "HUN"]

1. d4 Nf6 2. Nf3 e6 3. g3 b6 4. Bg2 Bb7 5. 0-0 Be7 6. c4 0-0 7. Nc3 Ne4 8. Qd3 Nxc3 9. Ng5 Nxe2+ 10. Kh1 Bxg2+ 11. Kxg2 Bxg5 0-1

[Event "HUN-chT2 Szechenyi 2122"]
[Site "Hungary"]
[Date "2022.02.13"]
[Round "6.8"]
[White "Paksa, Rudolf"]
[Black "Bodo, Boglarka"]
[Result "0-1"]
[WhiteElo "1978"]
[BlackElo "1729"]
[PlyCount "51"]
[EventDate "2021.10.10"]
[EventType "team-tourn"]
[EventRounds "9"]
[EventCountry "HUN"]
[SourceTitle "EXT 2025"]
[Source "ChessBase"]
[SourceDate "2024.10.14"]
[SourceVersion "1"]
[SourceVersionDate "2024.10.14"]
[SourceQuality "1"]
[WhiteTeam "Sentimento Ajka BSK"]
[BlackTeam "Tapolca VSE"]
[WhiteTeamCountry "HUN"]
[BlackTeamCountry "HUN"]

1. e4 e5 2. d4 exd4 3. Nf3 d6 4. Bc4 Be7 5. Nxd4 Nf6 6. Nc3 0-0 7. Bb3 c5 8. Nde2 a6 9. a4 Nc6 10. 0-0 Qb6 11. h3 Ne5 12. a5 Qc7 13. Nf4 c4 14. Nfd5 Nxd5 15. Nxd5 Qd8 16. Ba2 Be6 17. f4 Nc6 18. Bxc4 Bxd5 19. Qxd5 Qc7 20. Be3 Nb4 21. Qd4 Nxc2 22. Qc3 Rac8 23. Ra4 Nxe3 24. Qxe3 d5 25. Qe2 dxc4 26. Rc1 0-1

[Event "HUN-ch rapid"]
[Site "Ajka"]
[Date "2019.07.19"]
[Round "1"]
[White "Paksa, Rudolf"]
[Black "Hera, Imre Jr"]
[Result "0-1"]
[WhiteElo "2084"]
[BlackElo "2610"]
[PlyCount "46"]
[EventDate "2019.07.19"]
[EventType "swiss (rapid)"]
[EventRounds "13"]
[EventCountry "HUN"]
[SourceTitle "CBM 191 Extra"]
[Source "ChessBase"]
[SourceDate "2019.09.30"]
[SourceVersion "1"]
[SourceVersionDate "2019.09.30"]
[SourceQuality "1"]

1. e4 Nc6 2. Nf3 d6 3. d4 Nf6 4. Nc3 g6 5. h3 Bg7 6. Be3 0-0 7. Qd2 a6 8. Bh6 b5 9. Bxg7 Kxg7 10. a3 e5 11. 0-0-0 Bb7 12. Qe3 exd4 13. Nxd4 Re8 14. f3 Qe7 15. Bd3 Ne5 16. Rhe1 c5 17. f4 cxd4 18. Qxd4 Nxd3+ 19. cxd3 Qc7 20. e5 dxe5 21. fxe5 Nd5 22. e6+ f6 23. Rf1 Rxe6 0-1

[Event "HUN-chT2 Szechenyi 1819"]
[Site "Hungary"]
[Date "2019.03.10"]
[Round "7.2"]
[White "Odor, Istvan"]
[Black "Paksa, Rudolf"]
[Result "0-1"]
[WhiteElo "2147"]
[BlackElo "2062"]
[PlyCount "144"]
[EventDate "2018.10.28"]
[EventType "team-tourn"]
[EventRounds "9"]
[EventCountry "HUN"]
[SourceTitle "EXT 2021"]
[Source "ChessBase"]
[SourceDate "2020.10.23"]
[SourceVersion "1"]
[SourceVersionDate "2020.10.23"]
[SourceQuality "1"]
[WhiteTeam "Sarvar"]
[BlackTeam "Ajka ASSE"]
[WhiteTeamCountry "HUN"]
[BlackTeamCountry "HUN"]

1. e4 c5 2. Nf3 e6 3. d4 cxd4 4. Nxd4 Nc6 5. Nc3 Qc7 6. Be3 Nf6 7. Be2 a6 8. a3 Be7 9. 0-0 b5 10. f4 Nxd4 11. Qxd4 Bb7 12. Bf3 d6 13. Rad1 e5 14. Qd2 0-0 15. f5 Rac8 16. Qe1 Qc4 17. Bf2 Rfd8 18. Qe3 h6 19. Rfe1 Nd7 20. Be2 Qc7 21. Qg3 Nc5 22. Bh5 Bg5 23. h4 Bf6 24. Bf3 Qe7 25. Qh3 Nd7 26. g4 Rc4 27. Be2 Rd4 28. Bd3 b4 29. Ne2 Rxe4 30. Bxe4 Bxe4 31. axb4 Bxc2 32. Rc1 Ba4 33. Nd4 d5 34. Qa3 Bb5 35. Nxb5 axb5 36. h5 e4 37. Rc7 d4 38. Bg3 d3 39. Bf4 Bg5 40. Bxg5 Qxg5 41. Rxe4 d2 42. Qb3 Ne5 43. Qd1 Nxg4 44. Rxg4 Qxg4+ 45. Qxg4 d1Q+ 46. Qxd1 Rxd1+ 47. Kf2 Rd2+ 48. Kf3 Rxb2 49. Rc8+ Kh7 50. Rc7 f6 51. Rb7 Rxb4 52. Rb8 Rb1 53. Ke3 b4 54. Kd2 b3 55. Rb5 Kg8 56. Kc3 Rh1 57. Kxb3 Rxh5 58. Kc3 Rh1 59. Kd3 Re1 60. Rb2 Re5 61. Rf2 h5 62. Rf4 Kh7 63. Rf1 Kh6 64. Kd4 h4 65. Rh1 Rxf5 66. Rxh4+ Rh5 67. Rg4 Re5 68. Rg1 g5 69. Rf1 Kg6 70. Rg1 Re7 71. Kd5 f5 72. Kd6 Re2 0-1

[Event "HUN-chT2 Szechenyi 1819"]
[Site "Hungary"]
[Date "2018.10.28"]
[Round "1.1"]
[White "Paksa, Rudolf"]
[Black "Nagy, Hunor"]
[Result "1-0"]
[WhiteElo "2062"]
[BlackElo "1896"]
[PlyCount "63"]
[EventDate "2018.10.28"]
[EventType "team-tourn"]
[EventRounds "9"]
[EventCountry "HUN"]
[SourceTitle "EXT 2021"]
[Source "ChessBase"]
[SourceDate "2020.10.23"]
[SourceVersion "1"]
[SourceVersionDate "2020.10.23"]
[SourceQuality "1"]
[WhiteTeam "Ajka ASSE"]
[BlackTeam "Gyor Szechenyi II"]
[WhiteTeamCountry "HUN"]
[BlackTeamCountry "HUN"]

1. e4 e5 2. Nf3 Nc6 3. Bb5 a6 4. Ba4 Nf6 5. 0-0 Be7 6. Qe2 d6 7. c3 0-0 8. h3 b5 9. Bb3 Na5 10. Bc2 c5 11. d4 Qc7 12. Bg5 Bb7 13. d5 Ne8 14. Nbd2 h6 15. Be3 Bc8 16. Nh2 g5 17. Ng4 Kg7 18. Nh2 Kg8 19. Rfc1 Ng7 20. b4 Nb7 21. a4 Bd7 22. axb5 axb5 23. Ndf1 f5 24. exf5 Bxf5 25. Bxf5 Nxf5 26. Qxb5 Nxe3 27. Nxe3 cxb4 28. cxb4 Rxa1 29. Rxa1 Qc3 30. Rf1 Nd8 31. Qd7 Bf6 32. Nhg4 1-0

[Event "HUN-ch rapid"]
[Site "Ajka"]
[Date "2018.07.20"]
[Round "2"]
[White "Bagi, Mate"]
[Black "Paksa, Rudolf"]
[Result "1-0"]
[WhiteElo "2432"]
[BlackElo "2033"]
[PlyCount "45"]
[EventDate "2018.07.20"]
[EventType "swiss (rapid)"]
[EventRounds "13"]
[EventCountry "HUN"]
[SourceTitle "CBM 185 Extra"]
[Source "ChessBase"]
[SourceDate "2018.07.29"]
[SourceVersion "1"]
[SourceVersionDate "2018.07.29"]
[SourceQuality "1"]

1. e4 e5 2. Nf3 d5 3. Nxe5 Bd6 4. d4 dxe4 5. Nc4 a6 6. Nc3 Bf5 7. g4 Bg6 8. Bg2 Bb4 9. 0-0 Bxc3 10. bxc3 Nf6 11. f4 exf3 12. Re1+ Kf8 13. Ba3+ Kg8 14. Qxf3 Nc6 15. Ne5 Nxd4 16. cxd4 Qxd4+ 17. Qe3 Qxe3+ 18. Rxe3 c6 19. Rb1 Nd5 20. Bxd5 cxd5 21. Rxb7 Bxc2 22. Nxf7 Be4 23. Bb2 1-0

[Event "HUN-ch rapid"]
[Site "Ajka"]
[Date "2018.07.20"]
[Round "4"]
[White "Kiss, Pal"]
[Black "Paksa, Rudolf"]
[Result "1-0"]
[WhiteElo "2275"]
[BlackElo "2033"]
[PlyCount "101"]
[EventDate "2018.07.20"]
[EventType "swiss (rapid)"]
[EventRounds "13"]
[EventCountry "HUN"]
[SourceTitle "CBM 185 Extra"]
[Source "ChessBase"]
[SourceDate "2018.07.29"]
[SourceVersion "1"]
[SourceVersionDate "2018.07.29"]
[SourceQuality "1"]

1. d4 Nf6 2. c4 e6 3. Nf3 b6 4. g3 Ba6 5. b3 d5 6. cxd5 exd5 7. Bg2 Bb4+ 8. Bd2 Bxd2+ 9. Nbxd2 0-0 10. 0-0 Re8 11. Re1 c5 12. Rc1 Qd6 13. dxc5 bxc5 14. e4 Nbd7 15. exd5 Rxe1+ 16. Nxe1 Re8 17. Nc4 Qe7 18. Nd3 h6 19. d6 Qf8 20. Ndb2 g5 21. Qd2 Ne4 22. Qd5 Nef6 23. Qc6 Bxc4 24. Nxc4 Rc8 25. Qb7 a5 26. Rd1 Kg7 27. Bc6 Qd8 28. Bxd7 Nxd7 29. Re1 Rb8 30. Qc7 Qxc7 31. dxc7 Rc8 32. Re7 Rxc7 33. Ne5 c4 34. bxc4 Rc5 35. Rxf7+ Kg8 36. Nxd7 Rxc4 37. Re7 Rc2 38. a3 Rd2 39. Nc5 Ra2 40. Re3 Kf7 41. Nb7 a4 42. Nc5 Rc2 43. Nxa4 Rc4 44. Nb2 Rc2 45. Rb3 h5 46. Kg2 h4 47. a4 h3+ 48. Kxh3 Rxf2 49. a5 Kg6 50. g4 Rf1 51. Ra3 1-0

[Event "HUN-chT2 Szechenyi 1718"]
[Site "Hungary"]
[Date "2017.10.29"]
[Round "1.3"]
[White "Paksa, Rudolf"]
[Black "Kislik, Erik Andrew"]
[Result "0-1"]
[WhiteElo "2018"]
[BlackElo "2343"]
[PlyCount "100"]
[EventDate "2017.10.29"]
[EventType "team-tourn"]
[EventRounds "9"]
[EventCountry "HUN"]
[SourceTitle "EXT 2021"]
[Source "ChessBase"]
[SourceDate "2020.10.23"]
[SourceVersion "1"]
[SourceVersionDate "2020.10.23"]
[SourceQuality "1"]
[WhiteTeam "Ajka ASSE"]
[BlackTeam "Ajka Banyasz"]
[WhiteTeamCountry "HUN"]
[BlackTeamCountry "HUN"]

1. e4 e5 2. Nf3 Nc6 3. Bb5 a6 4. Ba4 Nf6 5. 0-0 Be7 6. Qe2 b5 7. Bb3 0-0 8. c3 d5 9. d3 Bb7 10. Bg5 dxe4 11. dxe4 h6 12. Rd1 Nd7 13. Be3 Bd6 14. Nbd2 Na5 15. Bc2 Nb6 16. b3 Qf6 17. Nf1 Rfe8 18. Ng3 Bf8 19. h3 Rac8 20. Nf5 Qe6 21. Nh2 Kh7 22. g4 Nc6 23. Nf3 Ne7 24. Rac1 f6 25. Bb1 Ng6 26. Re1 c5 27. Rcd1 Rc7 28. Kh2 c4 29. b4 Na4 30. Rc1 Kg8 31. a3 Rd7 32. Ng3 a5 33. Red1 Nf4 34. Qf1 axb4 35. Rxd7 Qxd7 36. cxb4 Nb2 37. Ne1 Ra8 38. Rc2 Nbd3 39. Rc3 Nb2 40. Bc2 Na4 41. Bxa4 Rxa4 42. Nc2 Ra6 43. f3 Rd6 44. Qf2 Nd3 45. Qe2 Nb2 46. Ne1 Nd1 47. Rc2 Nxe3 48. Qxe3 Rd1 49. Nf1 Qd4 50. Qe2 Qa1 0-1

[Event "HUN-chT2 Szechenyi 1516"]
[Site "Hungary"]
[Date "2016.02.28"]
[Round "8.5"]
[White "Domotor, Jozsef"]
[Black "Paksa, Rudolf"]
[Result "0-1"]
[WhiteElo "1955"]
[BlackElo "2083"]
[PlyCount "70"]
[EventDate "2015.09.13"]
[EventType "team-tourn"]
[EventRounds "11"]
[EventCountry "HUN"]
[SourceTitle "EXT 2017"]
[Source "ChessBase"]
[SourceDate "2016.10.25"]
[SourceVersion "1"]
[SourceVersionDate "2016.10.25"]
[SourceQuality "1"]
[WhiteTeam "Zala Volan"]
[BlackTeam "Ajka Banyasz"]
[WhiteTeamCountry "HUN"]
[BlackTeamCountry "HUN"]

1. d4 Nf6 2. c4 e6 3. Nc3 Bb4 4. Qc2 c5 5. dxc5 Na6 6. a3 Bxc3+ 7. Qxc3 Nxc5 8. b4 Nce4 9. Qc2 d5 10. e3 0-0 11. Bd3 a5 12. Bb2 axb4 13. axb4 Rxa1+ 14. Bxa1 Qb6 15. Bc3 Nxc3 16. Qxc3 dxc4 17. Qxc4 Nd5 18. Nf3 Nxb4 19. 0-0 Nxd3 20. Qxd3 Rd8 21. Qc3 Qd6 22. h3 f6 23. Rc1 Bd7 24. Qc7 Bc6 25. Qxd6 Rxd6 26. Nd4 e5 27. Nxc6 Rxc6 28. Rd1 Rc7 29. Kf1 Kf7 30. Ke2 Ke7 31. f4 exf4 32. exf4 b5 33. Rb1 Rb7 34. Rb4 Kd6 35. Kd3 Kc5 0-1

[Event "HUN-chT2 Szechenyi 1415"]
[Site "Hungary"]
[Date "2014.11.16"]
[Round "4.2"]
[White "Simo, Judit"]
[Black "Paksa, Rudolf"]
[Result "0-1"]
[WhiteElo "1947"]
[BlackElo "2100"]
[PlyCount "96"]
[EventDate "2014.09.07"]
[EventType "team-tourn"]
[EventRounds "11"]
[EventCountry "HUN"]
[SourceTitle "EXT 2016"]
[Source "ChessBase"]
[SourceDate "2015.10.08"]
[SourceVersion "1"]
[SourceVersionDate "2015.10.08"]
[SourceQuality "1"]
[WhiteTeam "Tapolca"]
[BlackTeam "Ajka Banyasz"]
[WhiteTeamCountry "HUN"]
[BlackTeamCountry "HUN"]

1. e4 c5 2. Nf3 Nf6 3. Nc3 Nc6 4. d4 cxd4 5. Nxd4 d6 6. Bg5 e6 7. Qd2 h6 8. Bxf6 Qxf6 9. 0-0-0 Be7 10. Bc4 0-0 11. Nxc6 bxc6 12. f4 e5 13. Rdf1 exf4 14. Rxf4 Qxf4 15. Qxf4 Bg5 16. Qxg5 hxg5 17. Rd1 Rd8 18. Rf1 Be6 19. Ba6 Rab8 20. Ne2 c5 21. Nc3 Rb6 22. Be2 Rdb8 23. b3 g6 24. Nd5 Bxd5 25. exd5 Re8 26. Bd3 Kg7 27. h3 Re5 28. Bc4 Rb8 29. Kd2 Rbe8 30. a4 Re4 31. c3 Rf4 32. a5 Rxf1 33. Bxf1 Re5 34. Bc4 Re4 35. Kd3 Re1 36. b4 Rb1 37. bxc5 dxc5 38. a6 f5 39. Ke3 Rg1 40. d6 Rd1 41. Bd3 Kf6 42. d7 Ke7 43. Bb5 Rd6 44. g3 Rb6 45. c4 Rd6 46. Kf3 Rd3+ 47. Kf2 Rd2+ 48. Ke3 Rh2 0-1

[Event "HUN-chT2 Szechenyi 1213"]
[Site "Hungary"]
[Date "2013.04.21"]
[Round "11.2"]
[White "Kiss, Zoltan"]
[Black "Paksa, Rudolf"]
[Result "1/2-1/2"]
[WhiteElo "2112"]
[BlackElo "2120"]
[PlyCount "51"]
[EventDate "2012.09.16"]
[EventType "team-tourn"]
[EventRounds "11"]
[EventCountry "HUN"]
[SourceTitle "EXT 2014"]
[Source "ChessBase"]
[SourceDate "2013.11.20"]
[SourceVersion "1"]
[SourceVersionDate "2013.11.20"]
[SourceQuality "1"]
[WhiteTeam "Peti MTE"]
[BlackTeam "Ajka Banyasz"]
[WhiteTeamCountry "HUN"]
[BlackTeamCountry "HUN"]

1. e4 c5 2. c3 Qa5 3. Nf3 Nc6 4. Na3 e6 5. Nc4 Qc7 6. d4 cxd4 7. Nxd4 a6 8. Be3 Nf6 9. Nxc6 Qxc6 10. Nb6 Rb8 11. f3 d5 12. exd5 Nxd5 13. Nxd5 exd5 14. Qd4 Be6 15. Bd3 Rc8 16. 0-0 Bc5 17. Qxc5 Qxc5 18. Bxc5 Rxc5 19. Rfe1 0-0 20. Re5 Rd8 21. Rae1 Rcc8 22. Bf5 Bxf5 23. Rxf5 g6 24. Rf4 Rc4 25. Rxc4 dxc4 26. Kf2 1/2-1/2

[Event "HUN-chT2 Szechenyi 1213"]
[Site "Hungary"]
[Date "2013.03.03"]
[Round "8.2"]
[White "Paksa, Rudolf"]
[Black "Odor, Istvan"]
[Result "1-0"]
[WhiteElo "2120"]
[BlackElo "2101"]
[PlyCount "103"]
[EventDate "2012.09.16"]
[EventType "team-tourn"]
[EventRounds "11"]
[EventCountry "HUN"]
[SourceTitle "EXT 2014"]
[Source "ChessBase"]
[SourceDate "2013.11.20"]
[SourceVersion "1"]
[SourceVersionDate "2013.11.20"]
[SourceQuality "1"]
[WhiteTeam "Ajka Banyasz"]
[BlackTeam "Sarvar"]
[WhiteTeamCountry "HUN"]
[BlackTeamCountry "HUN"]

1. e4 e5 2. Nf3 Nc6 3. Bb5 a6 4. Ba4 Nf6 5. 0-0 b5 6. Bb3 Bc5 7. c3 d6 8. d4 Bb6 9. dxe5 Nxe5 10. Nxe5 dxe5 11. Qxd8+ Kxd8 12. Bxf7 Bb7 13. Bg5 Ke7 14. Bb3 Rad8 15. Nd2 h6 16. Bxf6+ gxf6 17. Rad1 Rd6 18. Rfe1 Rhd8 19. Nf1 Rxd1 20. Rxd1 Rxd1 21. Bxd1 Bxe4 22. Ng3 Bd3 23. Bg4 Bb1 24. a3 Bd3 25. Bf5 Bc4 26. Bc8 a5 27. Nf5+ Kd8 28. Bb7 h5 29. h4 Bd3 30. Ng3 Bg6 31. Bf3 Ke7 32. Bxh5 Bxh5 33. Nxh5 c5 34. g4 c4 35. Ng3 Ke6 36. h5 Bc5 37. Kf1 b4 38. axb4 axb4 39. Ke2 bxc3 40. bxc3 Bf8 41. Nf5 Kf7 42. Ne3 Ke6 43. Kf3 Bc5 44. Ke4 Bb6 45. f3 Ba5 46. Nd5 Bd8 47. h6 Kf7 48. Kf5 Ba5 49. Nxf6 Bxc3 50. g5 e4 51. g6+ Ke7 52. Nd5+ 1-0

[Event "HUN-chT2 Szechenyi 1213"]
[Site "Hungary"]
[Date "2012.12.02"]
[Round "5.2"]
[White "Fendrik, Lajos"]
[Black "Paksa, Rudolf"]
[Result "1-0"]
[WhiteElo "2196"]
[BlackElo "2120"]
[PlyCount "75"]
[EventDate "2012.09.16"]
[EventType "team-tourn"]
[EventRounds "11"]
[EventCountry "HUN"]
[SourceTitle "EXT 2014"]
[Source "ChessBase"]
[SourceDate "2013.11.20"]
[SourceVersion "1"]
[SourceVersionDate "2013.11.20"]
[SourceQuality "1"]
[WhiteTeam "Zala Volan"]
[BlackTeam "Ajka Banyasz"]
[WhiteTeamCountry "HUN"]
[BlackTeamCountry "HUN"]

1. d4 Nf6 2. c4 e6 3. Nc3 Bb4 4. Qc2 c5 5. dxc5 Bxc5 6. Nf3 Nc6 7. Bg5 Be7 8. e4 Qc7 9. Be2 a6 10. 0-0 Ng4 11. Qd2 Nce5 12. Nxe5 Nxe5 13. Bxe7 Kxe7 14. Qg5+ Kf8 15. f4 Nc6 16. f5 h6 17. Qe3 Ne5 18. c5 d6 19. cxd6 Qxd6 20. Rad1 Qc7 21. Rc1 Qe7 22. Na4 Bd7 23. Nb6 Rd8 24. Rc7 Qd6 25. Rxb7 Bc6 26. Ra7 exf5 27. Rxf5 Bxe4 28. Rxe5 Qxe5 29. Nd7+ Rxd7 30. Rxd7 Kg8 31. Rd4 f5 32. Bd3 Kf7 33. Bxe4 fxe4 34. Rxe4 Qd5 35. Re7+ Kf6 36. Ra7 Rg8 37. Rxa6+ Kf5 38. Qf2+ 1-0

[Event "HUN-chT2 Szechenyi 1112"]
[Site "Hungary"]
[Date "2012.03.25"]
[Round "8.2"]
[White "Ter, Marcell"]
[Black "Paksa, Rudolf"]
[Result "1-0"]
[WhiteElo "2150"]
[BlackElo "2100"]
[PlyCount "95"]
[EventDate "2011.09.25"]
[EventType "team-tourn"]
[EventRounds "11"]
[EventCountry "HUN"]
[SourceTitle "EXT 2013"]
[Source "ChessBase"]
[SourceDate "2012.11.22"]
[SourceVersion "1"]
[SourceVersionDate "2012.11.22"]
[SourceQuality "1"]
[WhiteTeam "Zalaegerszeg"]
[BlackTeam "Ajka Banyasz"]
[WhiteTeamCountry "HUN"]
[BlackTeamCountry "HUN"]

1. e4 c5 2. Nf3 e6 3. d4 cxd4 4. Nxd4 a6 5. c4 Nf6 6. Bd3 Qc7 7. 0-0 Nc6 8. Nc2 Ne5 9. b3 Nxd3 10. Qxd3 b5 11. Bb2 bxc4 12. bxc4 Rb8 13. Bd4 Bb7 14. Nd2 Rc8 15. Rab1 d6 16. Rb2 Be7 17. Rfb1 Bc6 18. Rb6 e5 19. Be3 0-0 20. Rxa6 Ra8 21. Nb4 Rxa6 22. Nxa6 Qa5 23. Nb4 Ba8 24. f3 h6 25. a3 Nd7 26. Qc3 f5 27. Nd5 Qd8 28. a4 Bxd5 29. cxd5 fxe4 30. Nxe4 Nf6 31. Nxf6+ Bxf6 32. Qc6 e4 33. fxe4 Be5 34. g3 Rf3 35. Bf2 Qf6 36. Rf1 Kh7 37. Qc2 g5 38. a5 Ra3 39. Qc7+ Kg6 40. Qc8 Rxa5 41. Be3 Ra1 42. Qg8+ Kh5 43. Rxa1 Bxa1 44. h3 Qe7 45. g4+ Kh4 46. Qe6 Qg7 47. Kg2 Bd4 48. Bxd4 1-0